00464nam a2200109Ia 4500008004100000100001900041245010800060260008400168300001800252650001400270856007000284160712s9999 xx 000 0 und d aOrtiz, Will P. cWill P. OrtizaMga Kuwadro at Rekwerdo ng Kasaysayan: Pagsusuri ng Limang Historikal na Kathang Pambata c2015bLagda: Journal ng U.P. Departamento ng Filipino at Panitikan ng Pilipinas avol. 10 no. 1 xPANITIKAN uhttp://journals.upd.edu.ph/index.php/lagda/issue/view/545/showToc